Statystyki dla Narysowane Flagi #2

Kliknij tutaj aby rozwiązać quiz!

Ogólne statystyki

  • Ten quiz został rozwiązany 19 razy
    (13 od ostatniego zresetowania)
  • Średni wynik to 14 z 16

Statystyki odpowiedzi

Odpowiedź% Poprawnych
Białoruś
100%
Chiny
100%
Izrael
100%
Macedonia Północna
100%
Norwegia
100%
Rumunia
100%
Szwajcaria
100%
Wielka Brytania
100%
Bułgaria
92%
Pakistan
92%
Armenia
85%
Seszele
85%
Zjednoczone Emiraty Arabskie
85%
Malediwy
77%
Nauru
69%
Vanuatu
54%

Rozkład punktacji

Percentyl według liczby udzielonych odpowiedzi

Procent ludzi z każdym wynikiem

Twoja historia wyników

Nie rozwiązałeś tego quizu od ostatniego zresetowania